000 00872nam a2200289Ia 4500
003 OSt
005 20221005061414.0
006 a|||||r|||| 00| 0
007 ta
008 221004b |||||||| |||| 00| 0 eng d
020 _a9781138060296 (pbk)
_cUKP 35.99
024 _a42898
037 _bBBS/101, 05/03/2019, Better Book Service
_cTextual
040 _aCRL
_cCRL
_beng
041 _2eng
_aeng
082 _aW.1, P9;Q9
100 _aEdkins Jenny Ed.
245 0 _aGlobal politics
_b new introduction
250 _a3rd
260 _aLondon
_bRoutledge UK
_c2019
300 _axxviii,613p.
_ccm.
650 _a POLITICAL SCIENCE
650 _aGLOBALIZATION
700 _a Zehfuss Maja Ed.
_9480680
942 _hW.1, P9;Q9
_cTEXL
_2cc
999 _c968119
_d968119